| 000 | 00645nam a22002051 4500 | ||
|---|---|---|---|
| 001 | sa 68005495 | ||
| 003 | DLC | ||
| 005 | 20260227112509.0 | ||
| 008 | 710915s1964 ii k b 00000 eng | ||
| 010 | _asa 68005495 | ||
| 025 | _aPL480:I-E-9618 | ||
| 043 | _aa-ii--- | ||
| 050 | 0 |
_aHD6276.I4 _bA53 |
|
| 110 | 1 | 0 |
_aIndia (Republic). _bDirectorate General of Employment and Training. |
| 245 | 1 | 0 |
_aEmployment of matriculates; _ba case study, New Delhi, 1963, |
| 260 | 1 |
_a[New Delhi] _c1964. |
|
| 300 |
_aiii, 72 p. _bforms. _c23 cm. |
||
| 504 | _aBibliographical footnotes. | ||
| 650 | 0 |
_aHigh school graduates _xEmployment _zIndia _xCase studies. |
|
| 999 |
_c80764 _d80764 |
||